000 00830nam a2200301 a 4500
003 AR-BaBNM
005 20251128203032.0
008 082120s2002 ||||||||||||||000 | spa||
020 _a92-803-1112-3
040 _cAR-BaBNM
245 0 0 _aEducation, employment and development in the German Democratic Republic
260 _aParís
_bUnesco
_c1984
300 _a170 p.
_btablas
650 4 _aEDUCACION Y EMPLEO
650 4 _aRECURSOS HUMANOS
650 4 _aPROBLEMAS SOCIALES
651 4 _aAlemania
653 _aPROBLEMAS EDUCATIVOS
653 _aORIENTACION EDUCATIVA
700 1 _aKorn, Klaus
700 1 _aFeierabend, Günter
700 1 _aHersing, Günther
700 1 _aReuschel, Han-DIeter
700 1 _aLourié, Sylvain
_eprologuista
700 1 _aAvakov, R.
_edirector
942 _cBK
998 _cCarmen
999 _c1605
_d1605